Євген Чикаленко: людина на тлі епохи (Запис № 362212)

МАРК-запис
000 -Лідер
fixed length control field 01082nam a22002657a 4500
001 - Контрольний номер
control field 75914
003 - Ідентифікатор контрольного номера
control field UA-OsUOA
005 - Дата та час останнього входження (трансакції)
control field 20260217103041.0
007 - Фіксоване поле фізичного опису
fixed length control field ta
008 - Елементи даних фіксованої довжини – загальна інформація
fixed length control field 20110607b un ||||| |||| 00| 0 ukr d
020 ## - Міжнародний стандартний книжковий номер (ISBN)
Міжнародний стандартний книжковий номер (ISBN) (НП) 97896682017017
040 ## - Джерело каталогізації
Агенція оригінальної каталогізації UA-OsUOA
Мова каталогізації ukr
Агенція, яка здійснювала перезапис UA-OsUOA
Агенція, яка здійснювала модифікацію UA-OsUOA
041 ## - Код мови
Код мови тексту/ звукової доріжки чи окремого заголовка (П) ukr
080 ## - Індекс Універсальної десяткової класифікації
Індекс Універсальної десяткової класифікації (УДК) (НП) 929:94(477)"18"
090 ## - Локальний шифр розміщення
Класифікаційний індекс УДК 929:94(477)"18"
Авторський знак (НП) С77
100 ## - Основне введення – ім’я особи
Ім’я особи (НП) Старовойтенко І.
9 (RLIN) 23202
110 ## - Наймення організації – загальна інформація
Найменування колективу або юрисдикції як початковий елемент введення Національна академія наук України
Структурний підрозділ Інститут української археографії та джерелознавства ім. М. С. Грушевського
9 (RLIN) 45
245 ## - Відомості про назву
Назва (НП) Євген Чикаленко: людина на тлі епохи
Решта назви (НП) монографія
Дані про відповідальність (НП) Інна Старовойтенко
260 ## - Публікація, розповсюдження і т.п. (Вихідні дані)
Місце публікації, розповсюдження і т.п. (П) К.
Ім’я/ наймення видавництва, розповсюджувача і т.п. (П) Темпора
Дата публікації, розповсюдження і т.п. (П) 2009
300 ## - Фізичний опис
Обсяг 544 с.
650 #7 - Додаткове предметне введення – тематичний термін
Тематичний термін чи географічна назва, як елемент введення (НП) 929 Біографічні дослідження
Джерело заголовка чи терміна UDC
9 (RLIN) 1571
942 ## - Додаткові елементи входу (Коха)
Тип елемента Koha Книги
Source of classification or shelving scheme Universal Decimal Classification
955 ## - Код типу видання за змістом
Код типу видання за змістом (НП) Наукові видання
Фонди
Стан вилучень Стан втрат Джерело класифікації або схеми стелажів Стан уражень Не для кредиту Код колекції Постійне місце розташування Поточне розміщення Дата придбання Джерело придбання Вартість, звичайна ціна покупки Інвентарний номер Усього замовленно Повний номер виклику Штрих-код Дата останнього перегляду Вартість, ціна заміни Ціна ефективна від Тип елемента Koha
    Universal Decimal Classification     Колекція Шевчука Валерія АБ - Абонемент НБ АБ - Абонемент НБ 17/02/2026 №05/16.02.2026 30.00     929:94(477)"18" С77 169344 17/02/2026 30.00 17/02/2026 Книги
    Universal Decimal Classification       Наукова бібліотека ІДУД Наукова бібліотека ІДУД 14/05/2014 311/2014 1.00 2135889   929 С77 2135889 14/09/2019   14/05/2014 Книги
    Universal Decimal Classification     Колекція Жулинського М.Г. ЧЗ - Читальна зала ЧЗ - Читальна зала 07/06/2011 69/2011 30.00 132765   929:94(477)"18" С77 132765 06/02/2022 30.00 07/06/2011 Книги